| 000 | 01054cam a2200253 i 4500 | ||
|---|---|---|---|
| 001 | sa 68000885 | ||
| 003 | DLC | ||
| 005 | 20260227112428.0 | ||
| 008 | 850129s1962 ii b 000 0 hino | ||
| 010 | _asa 68000885 | ||
| 040 |
_aDLC _cDLC _dDLC |
||
| 041 | 0 | _ahinraj | |
| 050 | 0 | 0 |
_aPK2708.9.D5 _bH5 |
| 130 | 0 |
_aḌholā Mārū rā dūhā. _lHindi and Rajasthani. |
|
| 245 | 1 | 0 |
_aḌholāmārūrā dūhā : _bRājasthānī kā eka suprasiddha prācīna lokagīta, pāṭhāntara, Hindī anuvāda, ṭippaṇī, śabdakosha, pariśishṭa aura prastāvanā ke sātha sampādita / _csampādaka Rāmasiṃha, Sūryakaraṇa Pārīka aura Narottamadāsa Svāmī. |
| 250 | _a3. saṃskaraṇa. | ||
| 260 |
_aKāśī : _bNāgarīpracāriṇī Sabhā, _c[1962/63] |
||
| 300 |
_a11, 173, 499 p. ; _c22 cm. |
||
| 500 | _aHindi and Rajasthani; introductory matter in Hindi. | ||
| 504 | _aBibliography: p. [171]-173 (2d gr.) | ||
| 700 | 1 |
_aSingh, Ram, _cM. A. |
|
| 700 | 1 |
_aPārīka, Sūryakaraṇa, _d1902-1939. |
|
| 700 | 1 |
_aDasa, Narottama, _cSwami, _d1905- |
|
| 999 |
_c77522 _d77522 |
||